Normal view
MARC view
- Prasad, D
Entry Personal Name
001 - CONTROL NUMBER
- control field: 6511
003 - CONTROL NUMBER IDENTIFIER
- control field: OSt
005 - DATE AND TIME OF LATEST TRANSACTION
- control field: 20180219153751.0
008 - FIXED-LENGTH DATA ELEMENTS
- fixed length control field: 180219|| aca||aabn | a|a d
040 ## - CATALOGING SOURCE
- Original cataloging agency: OSt
- Transcribing agency: OSt
100 ## - HEADING--PERSONAL NAME
- Personal name: Prasad, D
670 ## - SOURCE DATA FOUND
- Source citation: Work cat.: (OSt): Prasad, D, Hindi english hidi Dictionary, 2013